00714nam a2200241Ia 4500001000900000003000500009005001700014008004100031010001100072020001800083040000900101082002100110100001900131245009700150260004300247300001500290500005700305503001400362504002700376650001700403650001900420700003300439dia_1317CHAP20230126125721.0220117s1988 xx 000 0 und d a171864 a84-200-0621-1 cCHAP a612.015 W47 1988 aWerner, Rudolf aFundamentos de bioquímica moderna /c Rudolf Werner ; traducción Acisclo Pérez Martos aZaragoza, España :b Acribia,c1988 axi, 436 p. aTítulo original: Essentials of modern biochemistry aI. 145618 aBibliografía: p. 410 aBiochemistry aBioquímica  aPérez Martos, Acisclo, tr.